Zákon o dani z dedičstva, z darovania a z prevodu a prechodu nehnuteľností
Zákon o dani z dedičstva, z darovania a dani z prevodu a prechodu nehnuteľností v úplnom znení (vrátane novely účinnej od 1.8.2000) s komentárom a s príslušnými metodickými pokynmi.
Salvato in:
| Autore principale: | |
|---|---|
| Natura: | Capitolo di libro |
| Lingua: | slovacco |
| Soggetti: | |
| Tags: |
Nessun Tag, puoi essere il primo ad aggiungerne!!
|
MARC
| LEADER | 00000naa a2200000 4500 | ||
|---|---|---|---|
| 001 | r039430 | ||
| 005 | 20231003083827.2 | ||
| 041 | 0 | |a slo | |
| 044 | |a SK | ||
| 245 | 1 | 0 | |a Zákon o dani z dedičstva, z darovania a z prevodu a prechodu nehnuteľností |c Edita Semanová |
| 520 | |a Zákon o dani z dedičstva, z darovania a dani z prevodu a prechodu nehnuteľností v úplnom znení (vrátane novely účinnej od 1.8.2000) s komentárom a s príslušnými metodickými pokynmi. | ||
| 610 | 2 | 0 | |a dane z dedičstva |
| 610 | 2 | 0 | |a dane z darovania |
| 610 | 2 | 0 | |a zákony |
| 610 | 2 | 0 | |a novelizácia |
| 610 | 2 | 0 | |a úpravy právne |
| 610 | 2 | 0 | |a komentáre |
| 610 | 2 | 0 | |a opatrenia |
| 610 | 2 | 0 | |a vyhlášky |
| 610 | 2 | 0 | |a Slovensko |
| 610 | 2 | 0 | |a 2000 |
| 100 | 1 | |a Semanová, Edita | |